Resultados preliminares de la investigación integral del movimiento cooperativo costarricense /
Guardado en:
| Hovedforfatter: | |
|---|---|
| Andre forfattere: | |
| Format: | Texto |
| Udgivet: |
San José:
Instituto Nacional de Fomento Cooperativo
|
| Tags: |
Tilføj Tag
Ingen Tags, Vær først til at tagge denne postø!
|
MARC
| LEADER | 00000 a a2200000 04500 | ||
|---|---|---|---|
| 001 | 15001 | ||
| 003 | |||
| 040 | |||
| 090 | |a 023700 | ||
| 100 | |a Jiménez Guerra, Mireya | ||
| 245 | |a Resultados preliminares de la investigación integral del movimiento cooperativo costarricense / |c Mireya Jiménez Guerra | ||
| 260 | |a San José: |b Instituto Nacional de Fomento Cooperativo | ||
| 300 | |a 132 p. | ||
| 700 | |a Johnson P, Lawrence | ||
| 999 | |c 4279 |d 4279 | ||
